| 000 | 01091cam a2200325 i 4500 | ||
|---|---|---|---|
| 001 | 17693178 | ||
| 003 | OSt | ||
| 005 | 20230602111420.0 | ||
| 008 | 130411s2013 ke a 000 0deng | ||
| 010 | _a 2012313735 | ||
| 020 | _a9789966213563 | ||
| 040 |
_aDLC _beng _cDLC _erda _dDLC |
||
| 042 |
_alcode _apcc |
||
| 043 | _af-ke--- | ||
| 082 |
_a920 _bKAB |
||
| 100 | 1 | _aKabira, Isaiah. | |
| 245 | 1 | 0 |
_aMwai Kibaki : _b50 years of national service / _cconceptualization Isaiya Kabira, Michael Gichangi ; research, History Works, John Kamau. |
| 264 | 1 |
_a[Nairobi] : _bHistory Works Ltd., _c[2013] |
|
| 300 |
_a227 pages : _billustrations (some color) ; _c24 X 32 cm |
||
| 336 |
_atext _2rdacontent |
||
| 336 |
_astill image _2rdacontent |
||
| 337 |
_aunmediated _2rdamedia |
||
| 338 |
_avolume _2rdacarrier |
||
| 600 | 1 | 0 |
_aKibaki, Mwai, _d1931-2022. |
| 650 | 0 |
_aPoliticians _zKenya _vBiography _vPictorial works. |
|
| 651 | 0 |
_aKenya _xPolitics and government. |
|
| 906 |
_a7 _bcbc _corigode _d2 _encip _f20 _gy-gencatlg |
||
| 942 |
_2ddc _cBK |
||
| 999 |
_c87 _d87 |
||